Perpetum mobile, alebo, Domy s nulovou spotrebou energie

Bibliographic Details
Main Author: Šťávová, Petra (Author)
Format: Article
Language:Slovak
PhysicalDescription:Fotogr, tab.
ISSN:1335-1230
Subjects:

MARC

LEADER 00000nab a2200000 a 4500
001 vtls010120099
003 SK-MaSNL
005 20260303221020.0
008 140328c2010 xo ||||||||||||00 b|slo
015 |a SNBRB2010/08  |2 snkbucl 
038 |a SNKBUCL 
040 |a SNKBUCL  |b slo  |c SNKBUCL  |e AACR2 
041 0 |a slo  |b eng 
044 |a xo  |c SK 
080 |a 697.1:620.9  |x (100)  |2 2001 
100 1 |a Šťávová, Petra  |4 aut  |9 1162729 
245 1 0 |a Perpetum mobile, alebo, Domy s nulovou spotrebou energie  |c Petra Šťávová 
300 |b Fotogr, tab. 
500 |a Mimoriadne číslo časopisu ASB 
546 |a Res. angl. 
650 0 7 |a nízkoenergetické domy  |2 snkbucl  |9 82503 
650 0 7 |a energetická náročnosť budov  |2 snkbucl  |9 98725 
650 0 7 |a energetická efektívnosť  |2 snkbucl  |9 74220 
655 7 |a realizácie  |2 snkbucl  |9 1191820 
773 0 |t ASB špeciál  |g Roč. XVII (2010), s. 18-21  |x 1335-1230 
852 |a SNK  |b KIS3GCP 
999 |c 2230149  |d 2232079